00556nam a22001937a 4500003000700000005001700007008004100024020002200065082001700087100002100104245007100125250001700196260006100213300000800274520002500282650001700307942002100324999001700345MPLRDC20220105061057.0210129b ||||| |||| 00| 0 eng d a978-957-13-6657-9 a719.31 RXWE  a热血威尔 等 a没玩过这些地方,别再说你懂日本!c林芳如 主编 a初版一刷 a台湾b时报文化出版企业股份有限公司c2016 b平 a上架 2016-12-01。 a日本游记 cBKo719.31 RXWE  c68470d68460